Washington Square / (Record no. 1545)

MARC details
000 -LEADER
fixed length control field 01112cam a2200277 a 4500
005 - DATE AND TIME OF LATEST TRANSACTION
control field 20230906113836.0
020 ## - INTERNATIONAL STANDARD BOOK NUMBER
International Standard Book Number 9781788283380
040 ## - CATALOGING SOURCE
Original cataloging agency DLC
Transcribing agency DLC
Language of cataloging eng
Modifying agency FISKH
050 00 - LIBRARY OF CONGRESS CALL NUMBER
Classification number PS2116
Item number .W3 2013
082 00 - DEWEY DECIMAL CLASSIFICATION NUMBER
Classification number 813/.4
Edition number 23
100 1# - MAIN ENTRY--PERSONAL NAME
Personal name James, Henry,
Dates associated with a name 1843-1916.
245 10 - TITLE STATEMENT
Title Washington Square /
Statement of responsibility, etc. Henry James
260 ## - PUBLICATION, DISTRIBUTION, ETC.
Place of publication, distribution, etc. London :
Name of publisher, distributor, etc. Arctrurus Publishing LIMITED,
Date of publication, distribution, etc. 2018
300 ## - PHYSICAL DESCRIPTION
Extent 236 pages :
Dimensions 20 cm.
520 ## - SUMMARY, ETC.
Summary, etc. A study of conflict between father and daughter, this is the story of Catherine, the plain, obedient daughter of Dr August Sloper of Washington Square, New York. When Morris Townsend, a handsome man-about-town, proposes to Catherine, her father forbids the marriage, believing Townsend to be after his daughterâ€s inheritance.
521 ## - TARGET AUDIENCE NOTE
Target audience note 1030 <br/>
Source Lexile
650 #0 - SUBJECT ADDED ENTRY--TOPICAL TERM
Topical term or geographic name entry element Children of the rich
Form subdivision Fiction.
650 #0 - SUBJECT ADDED ENTRY--TOPICAL TERM
Topical term or geographic name entry element Beauty, Personal
Form subdivision Fiction.
650 #0 - SUBJECT ADDED ENTRY--TOPICAL TERM
Topical term or geographic name entry element Young women
Form subdivision Fiction.
650 #0 - SUBJECT ADDED ENTRY--TOPICAL TERM
Topical term or geographic name entry element Courtship
Form subdivision Fiction.
655 #0 - INDEX TERM--GENRE/FORM
Genre/form data or focus term Domestic fiction.
655 #7 - INDEX TERM--GENRE/FORM
Genre/form data or focus term Love stories.
Source of term gsafd
906 ## - LOCAL DATA ELEMENT F, LDF (RLIN)
a 7
b cbc
c orignew
d 1
e ecip
f 20
g y-gencatlg
942 ## - ADDED ENTRY ELEMENTS (KOHA)
Source of classification or shelving scheme Dewey Decimal Classification
Koha item type Books
Suppress in OPAC No
999 ## -
-- 1545
-- 1545
Holdings
Withdrawn status Lost status Source of classification or shelving scheme Damaged status Not for loan Collection Home library Current library Shelving location Date acquired Total Checkouts Full call number Barcode Date last seen Price effective from Koha item type
    Dewey Decimal Classification     Fiction Footprints International School Library Network Toul Kork Campus Footprints International School Library Network Toul Kork Campus   09/06/2023   JAM Fic 2023-0496 09/06/2023 09/06/2023 Books